Štúdium vhodnosti umelých svetov ako podpory v optimalizácii

Enregistré dans:
Détails bibliographiques
Auteur principal: Soós, Daniel, 1990- (Auteur)
Autres auteurs: Chalupa, David, 1988- (Directeur de thèse)
Format: Manuscrit Livre
Langue:slovaque
Publié: Bratislava : STU v Bratislave FIIT, 2013
Sujets:
Accès en ligne:VAIS
Tags: Ajouter un tag
Pas de tags, Soyez le premier à ajouter un tag!

MARC

LEADER 00000ntm a22000003a 4500
001 stu275792
005 20150617230239.8
008 131005s2013----xo------------------slo-d
040 |a STU  |b slo 
041 0 |a slo 
044 |a xo 
100 1 |a Soós, Daniel,  |d 1990-  |4 aut  |u I300  |U FIIT Fakulta informatiky a informačných technológií  |T FIIT Ústav aplikovanej informatiky  |X 64454  |U I300  |Y 180  |7 A000064454 
242 0 0 |a Study of the contribution of artificial life in optimization  |y eng 
245 1 |a Štúdium vhodnosti umelých svetov ako podpory v optimalizácii 
260 |a Bratislava :  |b STU v Bratislave FIIT,  |c 2013 
300 |a 43 s  |c príl. 
650 7 |a informatika  |2 stusub 
650 7 |a Informatics  |2 estusub 
650 7 |a optimization  |2 estusub 
650 7 |a sociálny hmyz  |2 stusub 
650 7 |a optimalizácia  |2 stusub 
700 1 |a Chalupa, David,  |d 1988-  |4 ths  |u I300  |U FIIT Fakulta informatiky a informačných technológií  |T FIIT Ústav aplikovanej informatiky  |X 36286  |U I300  |Y 180  |7 36286 
856 4 |a info a plný text  |u http://is.stuba.sk/zp/portal_zp.pl?podrobnosti=65289  |3 VAIS 
996 |b IBAP98/13  |c I*BAP98/13  |l II680  |s A  |a 24  |w stu275792_0001